000 00655nam a2200265Ia 4500
005 20260121170359.0
008 008 260114s9999 xx 000 0 eng d
020 _a9783319679617
037 _aEBOOK
040 _aCRL
040 _beng
040 _cCRL
041 _2eng
041 _aeng
084 _qCRL
100 _aUlrich Schmiedel, Graeme Smith
_91063180
245 0 _aReligion in the European Refugee Crisis
260 _bSpringer
260 _bSpringer
260 _c2018
856 _uhttps://link.springer.com/openurl?genre=book&isbn=978-3-319-67961-7
942 _cEBOOK
999 _c1628909
_d1628909